1529 1261 1944 1342 1718 1919 1506 1602 1015 1845 1205 1769 1697 1671 1101 1050 1574 1418 1745 1388 1744 1255 1968 1044 1737 1267 1723 1664 1106 1071 1330 1838 1433 1422 1015 1642 1117 1009 1754 1067 1945 1433 1369 1085 1432 1684 1279 1666 1777 1892 1899 1551 1431 1100 1616 1677 1501 1226 1206 1347 1470 1400 1553 1462 1154 1120 1888 1068 1233 1505 1336 1408 1291 1708 1948 1136 1086 1165 1603 1969 1982 1811 1762 1189 1048 1843 1877 1221 1887 1666 1986 1250 1338 1711 1044 1698 1769 1897 1388 BCNSPRNW ULIB Ver.6.0+V

เปลี่ยนเป็นภาษาไทย

Change to English
 แสดงรายละเอียดบรรณานุกรม
  กลับหน้าหลัก

Brief Record : Get Marc (ISO 2709) : E-mail record : QR code < ปิดหน้าต่าง
LEADER : 00000nam 2200000uu 4500
001    13399108436
003     ULIB
008    110303s2002||||th 000 0 eng d
020    9780781778398
060 04 WY160^bW355M 2002
100 1  Claire G. Waughfield
245 10 Mental health concepts /^cClaire G. Waughfield
250    5th ed.
260    New York:^bDelmar,^c2002
300    519 p.
650  2 Mental Disorders^xPrevention & Control^xNurses
650  2 Mental Disorders^xTherapy^xNurses instruction
650  2 Stress, Psychological^xPrevention & control
945    ^p2035^l0^i016163
995    ทศพร
999 ^a ใช้งานได้ทุกระบบ
รายการนี้ยังไม่มีแท็ก
คุณยังไม่ได้ล็อกอิน คุณสามารถมีกิจกรรมร่วมกับเว็บไซต์ได้ แต่ต้องล็อกอินก่อน ::
  ล็อกอิน

รายการสื่อสารสนเทศ

ลำดับที่ ประเภท เลขเรียก/บาร์โค้ด สถานที่ สถานะ
- ไม่พบข้อมูล -

BibComment


ยังไม่เคยถูกคอมเมนท์

คอมเมนท์ทรัพยากรรายการนี้
  คอมเมนท์: Mental health con..


 Copyright 2026. Bcnsprnw @Library